000 00918nam a22003013a 4500
001 22705
003 SK-KTurca
005 20260421143704.0
008 230808s1979 xo g 000 1 slo d
035 _aa000730433
040 _aUKB
_bslo
_cUKB
_eAACR2
041 1 _aslo
_hita
044 _axo
_cSK
100 1 _aScerbanenco, Giorgio,
_d1911-1969
245 1 0 _a3 x Duca Lamberti
_cGiorgio Scerbanenco ; z tal. orig. preložil Ján Prochácka
246 3 _aTrikrát Duca Lamberti
250 _a2. vyd.
260 _aBratislava
_bSlovenský spisovateľ
_c1979
300 _a436 s.
530 _aDostupný aj zvukový záznam
700 1 _aProchácka, Ján
_4trl
740 0 2 _aSúkromná Venuša
740 0 2 _aMasakra
740 0 2 _aMilánčania vraždia v sobotu
776 0 _tSúkromná Venuša
_i[zvukový záznam]
776 0 _tMilánčania vraždia v sobotu
_i[zvukový záznam]
942 _2ddc
_cKLDO
_n0
999 _c22705
_d22705